00513 2200181 4500245005200000020002200052250001100074100002600085700002000111700002900131650002100160005001900181260007500200041001400275084001000289300002300299336000900322 aResep Rahasia MidacFajriatun NurhidayatihText a978-602-437-847-9 aCet. 1 aFajriatun Nurhidayati aVeronica Winata aAnita Astriawati Ningrum aCerita Bergambar a20240926130020 aJakartabKementrian Pendidikan, Kebudayaan, Riset, dan Teknologic2019 aIndonesia a741.5 a20 hlm. :c29,7 cm atext